000 01449nam a22002417a 4500
005 20260408143704.0
008 260408b |||||||| |||| 00| 0 eng d
020 _a9788123926674
040 _cAL
041 _aeng
082 _a515
_bPUNM
100 _aSudhir K Pundir
_9260830
245 _aMathematical analysis
260 _aNew Delhi
_bCBS Publishers and Distributors Pvt Ltd
_c2019
300 _ax,1097
_bPB
_c24x17cm
365 _2Information Science and Engineering
_aVBI-2645
_b₹487.50
_c
_d₹650.00
_e25%
_f20-02-2026
520 _a Mathematical Analysis It is an introductory text aimed at undergraduate and post graduate students of science and engineering. This book deals with real number systems, limit, continuity, differentiability, sequence, series, uniform convergence, R-integral, RS-integral, Improper integrals, power series, Fourier series, Lebesgue integral, functions of several variables and metric space etc. Majority of questions in this book have been designed to access the readers understanding of the subject. The readers friendly systematic presentation give the readers an idea about the model questions and help them to be focused. Professionals or those preparing for competitive examinations will also find this book useful.
650 _aReal Numbers
_9260831
650 _aInfinite Series
_9260832
650 _aRiemann Integrals
_9260833
650 _aImproper Integrals
_9260834
942 _2ddc
_cBK
999 _c241183
_d241183